00627nam a2200157Ia 4500008004100000100002100041245007200062245011300134260004900247260000900296300001100305650001300316856004800329999001900377952007300396170221s9999 xx 000 0 und d aMontano, Carl B. 2aA reexamination of the engine of economic growth in southeast Texas cCarl B. Montano, Lamar University; James L. Slaydon, Lamar University; Ashraf F. El-Houbi, Lamar University. bJournal of Management and Marketing Research c2012 a32 : 2 xBusiness uhttp://www.aabri.com/manuscripts/141902.pdf c311183d311183 001040aCLbCLd2017-02-21l0r2017-02-21 00:00:00w2017-02-21yFOJ